| 000 | 00982aam a2200313 4500 | ||
|---|---|---|---|
| 005 | 20250618155043.0 | ||
| 008 | 150227b2010 xxu||||| |||| 00| 0 ES d | ||
| 041 | _aEspañol | ||
| 082 | _a658.404 F363p2 | ||
| 100 |
_aFernández Espinoza, Saúl _93315 |
||
| 245 | _aLos proyectos de inversión: evaluación financiera | ||
| 260 | _a Costa Rica | ||
| 260 | _bEditorial Tecnológica de Costa Rica | ||
| 260 | _c2010 | ||
| 300 | _a318 páginas | ||
| 490 | _aDirección y Administración de Empresas | ||
| 650 | _aGERENCIA DE PROYECTOS | ||
| 650 | _aPROYECTOS DE INVERSIÓN | ||
| 650 | _aADMINISTRACIÓN DE PROYECTOS | ||
| 650 | _aESTUDIOS DE FACTIBILIDAD | ||
| 650 | _aESTUDIOS DE MERCADO | ||
| 650 | _aEVALUACIÓN FINANCIERA DE PROYECTOS DE INVERSIÓN | ||
| 650 | _aANÁLISIS FINANCIERO DE PROYECTOS DE INVERSIÓN | ||
| 650 | _aCASOS PROPUESTOS | ||
| 650 | _aFORMULACIÓN | ||
| 650 | _aESTUDIOS DE FACTIBILIDAD | ||
| 650 | _aINVERSIONES | ||
| 942 |
_cBK _2ddc |
||
| 999 |
_c3468 _d3468 |
||